Sports Quiz

Random Sports or City Quiz
Score 0/25 Timer 06:00
1 Play Today
% Correct
Swansea City
88.6%
Stoke City
87.7%
Sevilla
87.1%
Southampton
85.6%
Red Bull Salzburg
84.9%
VfB Stuttgart
84.3%
Zenit Saint Petersburg
83.3%
Hajduk Split
83.3%
Racing Santander
81.7%
AS Saint-Étienne
81.7%
RC Strasbourg
78.8%
Sheffield Wednesday
77.6%
FC St. Gallen
73.4%
% Correct
AIK (Stockholm)
73.1%
Viking FK (Stavanger)
65.4%
CSKA Sofia
64.4%
Sint-Truiden
64.4%
Silkeborg IF
59.3%
FK Željezničar (Sarajevo)
55.6%
Tre Penne (San Marino)
54.9%
Beroe Stara Zagora
52.2%
Spartak Subotica
51.6%
Shakhtyor Soligorsk
48.9%
FK Vardar (Skopje)
46.4%
MOL Vidi (Székesfehérvár)
44.7%
Remove Ads.
Support Sporcle.
Get the best of Sporcle when you Go Orange. This ad-free experience offers more features, more stats, and more fun while also helping to support Sporcle. Thank you for becoming a member.

You're not logged in!

Compare scores with friends on all Sporcle quizzes.
OR
Log In

Show Comments

Extras

Top Quizzes Today


Score Distribution

Your Account Isn't Verified!

In order to create a playlist on Sporcle, you need to verify the email address you used during registration. Go to your Sporcle Settings to finish the process.

Report this User

Report this user for behavior that violates our Community Guidelines.

Details: